MARC

LEADER 00000nam0a2200000 4500
001 301900
005 20231102001439.0
035 |a (RuTPU)RU\TPU\book\327092 
090 |a 301900 
100 |a 20150817d1982 km y0rusy50 ca 
101 0 |a rus 
102 |a RU 
105 |a a z 001zy 
200 1 |a Поведение рудогенных элементов в опорных профилях выветривания  |e сборник научных трудов  |f Академия наук СССР (АН СССР), Сибирское отделение (СО), Институт геологии и геофизики (ИГиГ) ; под ред. Ю. П. Казанского 
210 |a Новосибирск  |c Изд-во ИГИГ  |d 1982 
215 |a 147 с.  |c ил. 
320 |a Библиогр. в конце ст. 
606 1 |a Горные породы  |x Выветривание  |2 stltpush  |3 (RuTPU)RU\TPU\subj\7943  |9 35452 
610 1 |a рудогенные элементы 
610 1 |a опорные профили 
610 1 |a распределение 
610 1 |a золото 
610 1 |a висмут 
610 1 |a бор 
610 1 |a никель 
610 1 |a рудогенез 
610 1 |a кора выветривания 
610 1 |a ландшафтно-климатические зоны 
610 1 |a гипергенная миграция 
610 1 |a рифейские системы 
610 1 |a фанерозойская кора 
610 1 |a Сибирь 
610 1 |a Казахстан 
610 1 |a Средняя Азия 
675 |a 551.311.23  |v 4 
702 1 |a Казанский  |b Ю. П.  |4 340 
712 0 2 |a Академия наук СССР (АН СССР)  |b Сибирское отделение (СО)  |b Институт геологии и геофизики (ИГиГ)  |c (Новосибирск)  |2 stltpush  |3 (RuTPU)RU\TPU\col\128 
801 1 |a RU  |b 63413507  |c 20150817 
801 2 |a RU  |b 63413507  |c 20190403  |g RCR 
942 |c BK